000 00816nam a2200217Ia 4500
003 0
005 20250130142820.0
008 150126s9999 xx 000 0 und d
050 _aPGS SB 317.5
_b.D291 2014
100 _aDe Castro, Stefano.
245 4 _aThe effects of chicken and balut eggshells on the growth of Azadirachta indica /
_cStefano De Castro.
260 _aLas PiƱas City, Philippines :
_bSouthville International School and Colleges,
_c2014.
300 _a19 p. :
_bill. ;
_c28 cm.
504 _aIncludes bibliographical references.
650 _aAzadirachta indica
_vGrowth and development.
650 _aNeem tree
_vCultivation.
650 _aPlant growth
_vFertilizers.
650 _aSoil amendments
_vOrganic materials.
650 _aOrganic fertilizers
_vEffectiveness.
942 _2lcc
_cPASS
999 _c278573
_d278573